Missing Word: 9-Letter Movie Words III Quiz Stats

 Plays Quiz Updated Jul 24, 2015

Challenge
Share
Tweet
Embed
Score 0/20 Timer 03:00
1 Play Today
Film 9-Letter Word % Correct
Conan the _________Barbarian
95.6%
Cloudy with a Chance of _________Meatballs
94.4%
A _________ Named DesireStreetcar
92.9%
Invasion of the Body _________Snatchers
91.4%
A _________ Night's DreamMidsummer
91.2%
_________ of the GalaxyGuardians
84.8%
Sex, Lies and _________Videotape
79.2%
The _________ ClubBreakfast
77.3%
_________ Glen RossGlengarry
76%
_________ 2: The Legend ContinuesAnchorman
74.7%
Film 9-Letter Word % Correct
The Final _________Countdown
54.1%
Jupiter _________Ascending
53.7%
3000 Miles to _________Graceland
44.8%
_________ VoyageFantastic
40%
The Divergent Series: _________Insurgent
32.1%
One _________: This Is UsDirection
31.2%
Wing _________Commander
30.4%
The _________ GameImitation
29.1%
Operation _________Petticoat
19.5%
_________: Ecks Vs. SeverBallistic
14.6%

Today's Daily Dose

Missing Word
Madam, I'm Adam

Quick Pick
Meat vs Animal

On This Day
October 21st II

You're not logged in!

Compare scores with friends on all Sporcle quizzes.
Join for Free
OR
Log In

You Might Also Like...

Show Comments

Extras

Top Quizzes Today


Score Distribution

Your Account Isn't Verified!

In order to create a playlist on Sporcle, you need to verify the email address you used during registration. Go to your Sporcle Settings to finish the process.

Report this User

Report this user for behavior that violates our Community Guidelines.

Details: